Score 0/50 Timer 09:00
0 Plays Today
Rank City / Town % Correct
1Portland
98.2%
3Bangor
94.9%
2Lewiston
92.2%
6Augusta
92.2%
5South Portland
89.9%
4Auburn
83.4%
14 (T)Presque Isle
76%
13Saco
74.7%
7Biddeford
72.8%
21Orono
70.5%
11Brunswick
68.2%
42Kennebunk
67.7%
8Waterville
66.8%
16Caribou
66.4%
18Kittery
66.4%
12Bath
65.4%
36Scarborough
60.8%
19Houlton
60.4%
9Sanford
59%
48Bar Harbor
58.1%
10Westbrook
55.8%
40Falmouth
54.8%
25Belfast
53.5%
20Old Town
53%
23Brewer
52.1%
Rank City / Town % Correct
34Old Orchard Beach
51.6%
26Millinocket
51.2%
33Gorham
51.2%
17Rockland
50.2%
46Ellsworth
50.2%
49Cape Elizabeth
50.2%
37Calais
47.5%
35Farmington
46.1%
22Skowhegan
45.6%
29Fort Kent
44.7%
24Gardiner
44.2%
14 (T)Rumford
43.8%
41Lisbon
41%
31Madawaska
38.7%
43Dover-Foxcroft
35.5%
50Norway
35.5%
27Fairfield
34.6%
45Lincoln
33.6%
32Mexico
32.7%
39Paris
30.4%
38Winslow
28.6%
28Fort Fairfield
22.6%
47Pittsfield
20.7%
30Van Buren
16.6%
44Dexter
15.2%
Remove Ads.
Support Sporcle.
Get the best of Sporcle when you Go Orange. This ad-free experience offers more features, more stats, and more fun while also helping to support Sporcle. Thank you for becoming a member.

You're not logged in!

Compare scores with friends on all Sporcle quizzes.
OR
Log In

Show Comments

Extras

Top Quizzes Today


Score Distribution

Your Account Isn't Verified!

In order to create a playlist on Sporcle, you need to verify the email address you used during registration. Go to your Sporcle Settings to finish the process.

Report this User

Report this user for behavior that violates our Community Guidelines.

Details: